000 01249nam a22002891 4500
001 2168933
003 ARRUPE
005 20170214151617.0
008 840509s1965 ne c b 100 0 eng
010 _a 66007051
040 _aDLC/ICU
_cICU
_dDLC
050 0 0 _aBC135.I586 1963
082 0 0 _a164
110 _aInternational Symposium on the theory of models
_928842
245 1 4 _aThe theory of models;
_bproceedings.
_cWritten byInternational Symposium on the theory of models and Edited by J.W. Addison, Léon Henkin [and] Alfred Tarski.
260 _aAmsterdam,
_bNorth-Holland Pub. Co.,
_c1965.
300 _axv, 494 p.;
_bport.
_c23 cm.
440 0 _aStudies in logic and the foundations of mathematics
_98089
650 0 _aLogic, Symbolic and mathematical
_xCongresses.
_928843
650 0 _aMathematical models
_xCongresses.
_928844
700 1 _aAddison, J. W.
_q(John West),
_d1930-
_eed.
_928845
710 2 _aUniversity of California, Berkeley.
_928846
710 2 _aAssociation for Symbolic Logic.
_928847
710 2 _aInternational Union of the History and Philosophy of Science.
_bDivision of Logic, Methodology and Philosophy of Science.
_928848
906 _a7
_bcbc
_corignew
_du
_eocip
_f19
_gy-gencatlg
942 _2lcc
_cMONOGRAPH
999 _c126127
_d126127